<?xml version="1.0" encoding="UTF-8"?>
<record
    xmlns:xsi="http://www.w3.org/2001/XMLSchema-instance"
    xsi:schemaLocation="http://www.loc.gov/MARC21/slim http://www.loc.gov/standards/marcxml/schema/MARC21slim.xsd"
    xmlns="http://www.loc.gov/MARC21/slim">

  <leader>01271nam a2200361 u 4500</leader>
  <controlfield tag="001">985</controlfield>
  <controlfield tag="005">20260428103513.0</controlfield>
  <controlfield tag="008">950316s1990                        spa  </controlfield>
  <datafield tag="020" ind1=" " ind2=" ">
    <subfield code="a">8470173782</subfield>
  </datafield>
  <datafield tag="035" ind1=" " ind2=" ">
    <subfield code="a">985</subfield>
  </datafield>
  <datafield tag="035" ind1=" " ind2=" ">
    <subfield code="a">(OCoLC)778243487</subfield>
  </datafield>
  <datafield tag="040" ind1=" " ind2=" ">
    <subfield code="c">comduadb</subfield>
  </datafield>
  <datafield tag="041" ind1=" " ind2=" ">
    <subfield code="a">spa</subfield>
  </datafield>
  <datafield tag="082" ind1=" " ind2="4">
    <subfield code="a">708</subfield>
  </datafield>
  <datafield tag="100" ind1="1" ind2="0">
    <subfield code="a">Moreno, Adolfo</subfield>
    <subfield code="4">edt</subfield>
    <subfield code="e">edt</subfield>
    <subfield code="9">390974</subfield>
  </datafield>
  <datafield tag="245" ind1="1" ind2="3">
    <subfield code="a">El Prado : Madrid : v2</subfield>
  </datafield>
  <datafield tag="260" ind1=" " ind2=" ">
    <subfield code="a">Barcelona :</subfield>
    <subfield code="b">Argos Vergara,</subfield>
    <subfield code="c">1990.</subfield>
  </datafield>
  <datafield tag="300" ind1=" " ind2=" ">
    <subfield code="a">171 p&#xE1;ginas :</subfield>
    <subfield code="b">ilustraciones</subfield>
  </datafield>
  <datafield tag="490" ind1="0" ind2=" ">
    <subfield code="a">Enciclopedia de los museos</subfield>
  </datafield>
  <datafield tag="505" ind1=" " ind2=" ">
    <subfield code="a">CONTIENE : Historia y estructura del museo. -- Historia de las colecciones. -- El edificio. -- Bibliograf&#xED;a. -- &#xCD;ndice de ilustraciones. -- &#xCD;ndice onom&#xE1;stico.</subfield>
  </datafield>
  <datafield tag="610" ind1="2" ind2="4">
    <subfield code="a">Museo Nacional del Prado</subfield>
    <subfield code="9">865815</subfield>
  </datafield>
  <datafield tag="650" ind1=" " ind2="7">
    <subfield code="a">Pintores europeos</subfield>
    <subfield code="2">lemb</subfield>
    <subfield code="9">7028</subfield>
  </datafield>
  <datafield tag="650" ind1=" " ind2="7">
    <subfield code="a">Pintura italiana</subfield>
    <subfield code="2">lemb</subfield>
    <subfield code="9">43618</subfield>
  </datafield>
  <datafield tag="650" ind1=" " ind2="7">
    <subfield code="a">Pintura espa&#xF1;ola</subfield>
    <subfield code="2">lemb</subfield>
    <subfield code="9">37485</subfield>
  </datafield>
  <datafield tag="650" ind1=" " ind2="7">
    <subfield code="a">Pintura alemana</subfield>
    <subfield code="2">lemb</subfield>
    <subfield code="9">43862</subfield>
  </datafield>
  <datafield tag="650" ind1=" " ind2="7">
    <subfield code="a">Pintura francesa</subfield>
    <subfield code="2">lemb</subfield>
    <subfield code="9">3393</subfield>
  </datafield>
  <datafield tag="650" ind1=" " ind2="7">
    <subfield code="a">Pintura holandesa</subfield>
    <subfield code="2">lemb</subfield>
    <subfield code="9">2128</subfield>
  </datafield>
  <datafield tag="650" ind1=" " ind2="7">
    <subfield code="a">Museos de arte</subfield>
    <subfield code="2">lemb</subfield>
    <subfield code="9">865329</subfield>
  </datafield>
  <datafield tag="651" ind1=" " ind2="7">
    <subfield code="a">Espa&#xF1;a</subfield>
    <subfield code="x">Galer&#xED;as y museos</subfield>
    <subfield code="2">lemb</subfield>
    <subfield code="9">865902</subfield>
  </datafield>
  <datafield tag="651" ind1=" " ind2="7">
    <subfield code="a">Espa&#xF1;a</subfield>
    <subfield code="x">Galer&#xED;as y museos</subfield>
    <subfield code="2">lemb</subfield>
    <subfield code="9">865902</subfield>
  </datafield>
  <datafield tag="710" ind1="2" ind2="0">
    <subfield code="a">Diorki</subfield>
    <subfield code="4">trl</subfield>
    <subfield code="0">(viaf)129855000</subfield>
    <subfield code="e">trl</subfield>
    <subfield code="9">859636</subfield>
  </datafield>
  <datafield tag="942" ind1=" " ind2=" ">
    <subfield code="c">BOOK</subfield>
  </datafield>
  <datafield tag="999" ind1=" " ind2=" ">
    <subfield code="c">1122</subfield>
    <subfield code="d">1122</subfield>
  </datafield>
  <datafield tag="952" ind1=" " ind2=" ">
    <subfield code="0">0</subfield>
    <subfield code="1">0</subfield>
    <subfield code="4">0</subfield>
    <subfield code="7">0</subfield>
    <subfield code="8">SEMIACTIVA</subfield>
    <subfield code="a">BC</subfield>
    <subfield code="b">BC</subfield>
    <subfield code="d">1998-05-12</subfield>
    <subfield code="e">Cultural Aragor</subfield>
    <subfield code="i">C1125</subfield>
    <subfield code="l">0</subfield>
    <subfield code="o">708 E56 v2</subfield>
    <subfield code="p">61000002663975</subfield>
    <subfield code="r">2023-04-20 00:00:00</subfield>
    <subfield code="t">1</subfield>
    <subfield code="w">2023-04-20</subfield>
    <subfield code="y">BOOK</subfield>
  </datafield>
</record>
